Statistics for Formula 1 drivers with the most fastest laps

Click here to take the quiz!

General Stats

  • This quiz has been taken 190 times
    (111 since last reset)
  • The average score is 18 of 20

Answer Stats

NationalityFastest LapsDriver% Correct
Finland46Kimi Räikkönen
100%
United Kingdom65Lewis Hamilton
100%
Germany77Michael Schumacher
100%
Germany38Sebastian Vettel
100%
Brazil19Ayrton Senna
99%
Netherlands30Max Verstappen
99%
France41Alain Prost
97%
Austria24Niki Lauda
97%
Finland25Mika Häkkinen
93%
Finland19Valtteri Bottas
93%
Argentina23Juan Manuel Fangio
91%
Spain24Fernando Alonso
90%
Australia19Mark Webber
87%
Brazil23Nelson Piquet
85%
United Kingdom28Jim Clark
84%
United Kingdom30Nigel Mansell
81%
United Kingdom19Damon Hill
79%
Germany20Nico Rosberg
79%
Austria21Gerhard Berger
74%
United Kingdom19Stirling Moss
64%

Score Distribution

Percentile by Number Answered

Percent of People with Each Score

Your Score History

You have not taken this quiz since the last reset